000
00341nam a22001457a 4500
005
20160620123831.0
008
160620b xxu||||| |||| 00| 0 eng d
041
_a
eng
082
_b
8503
245
_a
Dictionary of Machanical Engineering Terms
260
_b
Oxford and IBH Kol
300
_a
417
650
_a
Management
_9
241
942
_c
BK
999
_c
3262
_d
3261